La puesta a tierra de instalaciones eléctricas

Enregistré dans:
Détails bibliographiques
Auteur principal: García Márquez, Rogelio (Auteur)
Format: Livre
Langue:espagnol
Publié: Bogotá Alfomega 2001
Sujets:
Tags: Ajouter un tag
Pas de tags, Soyez le premier à ajouter un tag!

MARC

LEADER 00000nam a2200000 a 4500
001 UCK2711
003 CL-VaPUC
008 050318e20010000CK |||||||||||||||||spa|d
020 |a 9586821498 
082 0 4 |a 621.317  |b GAR  |2 21 
100 0 |a García Márquez, Rogelio  |e author  |9 490668 
245 1 3 |a La puesta a tierra de instalaciones eléctricas 
300 |a 158 p 
942 |c BK 
945 |d 20050318 00:00:00  |a cmena 
260 |a Bogotá  |b Alfomega  |c 2001 
650 7 |a INSTALACIONES ELECTRICAS  |2 CL-VaPUC  |9 262736 
650 7 |a EQUIPOS Y ACCESORIOS  |2 CL-VaPUC  |9 10 
650 0 |a Medidas de seguridad  |9 264085 
650 0 |a Prevención de accidentes   |9 262912 
583 |a last modification  |c 20120306 09:10:43  |k Rodrigo Vera 
999 |c 312173  |d 312171 
952 |0 0  |1 0  |2 ddc  |4 0  |6 621_317000000000000_GAR_2001  |7 0  |8 A  |9 382074  |a BIBING  |b BIBING  |c RES  |d 2019-11-21  |i 4100344  |o 621.317 GAR 2001  |p 4100344  |r 2025-01-20  |w 2019-11-21  |y BK  |k EIE